000 00244nam a2200097Ia 4500
008 190216s9999||||xx |||||||||||||| ||und||
100 _aBernard&Amp;Joys
245 0 _aDiscovering The Universe
260 _bThe English Language Books
942 _cBK
999 _c15185
_d15185